000 00973pam a2200325 i 4500
003 EG-GICUC
005 20260121101720.0
008 910809s1992 mnu fr 001 0 eng d
020 _a0314927816
020 _a9780314927811
040 _aDLC
_cDLC
_dDLC
_dEG-GICUC
_beng
_erda
043 _ae------
050 0 0 _aKJE949
_b.F55 1992
082 0 0 _a382.9142
_221
092 0 4 _221
099 _aLaw 11 1992
100 1 _aFolsom, Ralph Haughwout.
245 1 0 _aEuropean Community law in a nutshell /
_cby Ralph H. Folsom.
264 _aSt. Paul, Minn. :
_bWest Pub. Co.,
_c1992.
300 _ali, 423 page ;
_c19 cm.
_b,
336 _atext
_2rdacontent
337 _aComputer
_2rdamedia
338 _aOnline Resource
_2rdacarrier
440 0 _aNutshell series
500 _aIncludes index.
650 0 _aLaw
_zEuropean Economic Community countries.
856 4 0 _uhttps://fll.law.cu.edu.eg/fulltext/bks/ENGB11-00044.pdf
905 _a10
942 _2ddc
_cBK
_e21
_n0
999 _c56576
_d56576